Normas políticas / (Record no. 190919)

MARC details
000 -LEADER
campo de control de longitud fija 01048cam a2200301 4500
001 - NÚMERO DE CONTROL
campo de control 190919
003 - IDENTIFICADOR DE NÚMERO DE CONTROL
campo de control ES-MaACL
005 - FECHA Y HORA DE LA ÚLTIMA TRANSACCIÓN
campo de control 20250827062644.0
008 - DATOS DE LONGITUD FIJA--INFORMACIÓN GENERAL
campo de control de longitud fija 220829s2008 sp | |||| 001 0 spa
017 ## - NÚMERO DE COPYRIGHT O DE DEPÓSITO LEGAL
Número de copyright o de depósito legal M 32337-2008
Agencia que asigna Oficina Depósito Legal Madrid
020 ## - NÚMERO INTERNACIONAL ESTÁNDAR DEL LIBRO
Número Internacional Estándar del Libro 978-84-309-4738-6
080 ## - NÚMERO DE LA CLASIFICACIÓN DECIMAL UNIVERSAL
Número de la Clasificación Decimal Universal 342(460)"19/20"(094.5)
110 1# - ENTRADA PRINCIPAL--NOMBRE DE ENTIDAD CORPORATIVA
Nombre de entidad corporativa o nombre de jurisdicción como elemento de entrada España
9 (RLIN) 3622
243 10 - TÍTULO UNIFORME COLECTIVO
Título uniforme <a href="Leyes, etc.">Leyes, etc.</a>
245 10 - MENCIÓN DEL TÍTULO
Título Normas políticas /
Mención de responsabilidad, etc. edición preparada por Luis Aguiar de Luque y Pablo Pérez Tremps.
250 ## - MENCION DE EDICION
Mención de edición 9ª ed.
260 ## - PUBLICACIÓN, DISTRIBUCIÓN, ETC.
Lugar de publicación, distribución, etc. Madrid :
Nombre del editor, distribuidor, etc. Tecnos,
Fecha de publicación, distribución, etc. 2008.
300 ## - DESCRIPCIÓN FÍSICA
Extensión 1148 p. ;
Dimensiones 17 cm.
490 1# - MENCIÓN DE SERIE
Mención de serie Biblioteca de textos legales ;
Designación de volumen o secuencia 250
500 ## - NOTA GENERAL
Nota general Índice.
650 #4 - PUNTO DE ACCESO ADICIONAL DE MATERIA--TÉRMINO DE MATERIA
Término de materia o nombre geográfico como elemento de entrada Derecho constitucional-
Subdivisión geográfica España
9 (RLIN) 11682
700 1# - ENTRADA AGREGADA--NOMBRE PERSONAL
Nombre de persona Aguiar de Luque, Luis.
9 (RLIN) 138895
700 1# - ENTRADA AGREGADA--NOMBRE PERSONAL
Nombre de persona Pérez Tremps, Pablo.
9 (RLIN) 91182
830 #0 - PUNTO DE ACCESO ADICIONAL DE SERIE-TÍTULO UNIFORME
Título uniforme Biblioteca de textos legales (Editorial Tecnos) ;
Designación de volumen o secuencia 250.
9 (RLIN) 225946
852 4# - LOCALIZACIÓN
Ubicación ES-MaACL
Número de control de estantería A-15258
itemnumber 198108
Sublocalización o colección R.144200
Ubicación en estantería Depósito 1
Signatura antigua Olim: L 342(460)"2008" ESP
-- Olim: Meseton
942 ## - ELEMENTOS DE ENTRADA SECUNDARIOS (KOHA)
Fuente del sistema de clasificación o colocación Clasificación decimal universal
Holdings
Estatus retirado Estado de pérdida Fuente del sistema de clasificación o colocación Estado de daño No para préstamo Biblioteca de origen Biblioteca actual Ubicación en estantería Fecha de adquisición Fuente de adquisición Total de préstamos Signatura topográfica completa Código de barras Visto por última vez Precio de reemplazo Tipo de ítem Koha
    Clasificación decimal universal     Biblioteca del Ateneo de Madrid Biblioteca del Ateneo de Madrid Depósito 1 29/08/2022 Compra   A-15258 1203212 23/02/2023 23/02/2023 Libro impreso